Πατήστε τις Περιφέρειες της Ελλάδας χωρίς Σύνορα – Ξαφνικός Θάνατος - Statistics

General Stats
  • This quiz has been taken 13 times
  • The average score is 10 of 14
Answers on the Map
Answers color-coded by a green-red scale on the quiz's map according to % correct below.
 
Answer Stats
Answer % Correct
Θεσσαλία
88%
Αττική
75%
Κρήτη
75%
Βόρειο Αιγαίο
75%
Ήπειρος
75%
Στερεά Ελλάδα
75%
Ιόνια νησιά
75%
Ανατολική Μακεδονία και Θράκη
75%
Πελοπόννησος
75%
Άγιον Όρος
75%
Νότιο Αιγαίο
63%
Δυτική Ελλάδα
50%
Κεντρική Μακεδονία
50%
Δυτική Μακεδονία
50%
No matching quizzes found
Score Distribution
Percent of People with Each Score
Percentile by Number Answered
Your Score History
You have not taken this quiz